000 01045nam a22002417a 4500
005 20250204104154.0
008 250203b |||||||| |||| 00| 0 eng d
020 _a978-93-84741-04-4 (hbk)
037 _cTB
040 _aCRL
_cCRL
041 _2hin
_ahin
084 _aY:1.2 152R1
_qCRL
100 _aभारद्वाज, सुधि कान्त
245 _aभारतीय संस्कृति प्रभा
260 _aनई दिल्ली, भारत:
_bभारद्वाज पब्लिशिंग हाउस,
_c2021.
300 _a260 पृ0
365 _b800.00
_cINR
546 _aTranslated from Sanskrit to Hindi
650 _aसंस्कृति
650 _aसमाजशास्त्र
942 _2CC
_cTB
_hY:1.2 152R1
_n0
999 _c1238349
_d1238349